भारत के चिकित्सा वैज्ञानिक / (Record no. 67908)

MARC details
000 -LEADER
fixed length control field 00979 aa a2200229 4500
005 - DATE AND TIME OF LATEST TRANSACTION
control field 2012061403003.0
010 ## - LCCN (DPL NO)
LC control number
020 ## - INTERNATIONAL STANDARD BOOK NUMBER
Terms of availability 175.00
International Standard Book Number
035 ## - SYSTEM CONTROL NUMBER
System control number B-72932
037 ## - SOURCE OF ACQUISITION
Source of stock number/acquisition pub
082 ## - DEWEY DECIMAL CLASSIFICATION NUMBER
Classification number 610.92
100 ## - MAIN ENTRY--PERSONAL NAME
Personal name श्रीवास्तव, कृष्ण मुरारी लाल
245 ## - TITLE STATEMENT
Title भारत के चिकित्सा वैज्ञानिक /
Statement of responsibility, etc कृष्ण मुरारी लाल श्रीवास्तव
246 ## - VARYING FORM OF TITLE
Title proper/short title
Remainder of title
260 ## - PUBLICATION, DISTRIBUTION, ETC. (IMPRINT)
Place of publication, distribution, etc जयपुर
Name of publisher, distributor, etc गीतांजलि प्रकाशन
Date of publication, distribution, etc 2002
270 ## - ADDRESS
Address
City
Postal code
300 ## - PHYSICAL DESCRIPTION
Extent 167पृ
Dimensions 22 सेमी (सजिल्द)
Other physical details
490 ## - SERIES STATEMENT
Series statement
-- 49052
700 ## - ADDED ENTRY--PERSONAL NAME
Personal name
9 (RLIN) 49038
942 ## - ADDED ENTRY ELEMENTS (KOHA)
Institution code [OBSOLETE] dpl
Item type Hindi Books
Call number prefix
Source of classification or shelving scheme Dewey Decimal Classification
Classification part 610.92
Call number suffix श्रीवास्त
Holdings
Withdrawn status Lost status Not for loan Collection code Home library Current library Date acquired Cost, normal purchase price Full call number Barcode Cost, replacement price Koha item type
      Non-fiction Sarojini Nagar Sarojini Nagar 14/06/2012 175.00 610.92 श्रीवास्त B-72932 175.00 Hindi Books

© Delhi Public Library
Hit Counter
free hit counter